Management of Colletotrichum leaf disease in young rubber plantations (Record no. 52545)

MARC details
000 -LEADER
fixed length control field 00697nam a2200205Ia 4500
100 ## - MAIN ENTRY--AUTHOR NAME
Personal name Joseph A.
245 #0 - TITLE STATEMENT
Title Management of Colletotrichum leaf disease in young rubber plantations
260 ## - PUBLICATION, DISTRIBUTION, ETC. (IMPRINT)
Name of publisher In: Preprints of Papers. International Natural Rubber Conference, India 2005, 6-8 November 2005, Rubber Research Institute of India, Kottayam, Kerala, India, pp. 462-465.
Year of publication 2005
650 ## - SUBJECT ADDED ENTRY--TOPICAL TERM
Topical Term Colletotrichum
650 ## - SUBJECT ADDED ENTRY--TOPICAL TERM
Topical Term Disease control
650 ## - SUBJECT ADDED ENTRY--TOPICAL TERM
Topical Term Fungicide
650 ## - SUBJECT ADDED ENTRY--TOPICAL TERM
Topical Term Leaf disease
650 ## - SUBJECT ADDED ENTRY--TOPICAL TERM
Topical Term Rubber plantation
700 ## - ADDED ENTRY--PERSONAL NAME
Personal name Jacob C.K.
700 ## - ADDED ENTRY--PERSONAL NAME
Personal name Kothandaraman R.
700 ## - ADDED ENTRY--PERSONAL NAME
Personal name Manju M.J.
700 ## - ADDED ENTRY--PERSONAL NAME
Personal name Prem E.E.
942 ## - ADDED ENTRY ELEMENTS (KOHA)
Koha item type Bibliography STAF
Holdings
Withdrawn status Lost status Damaged status Not for loan Home library Current library Date acquired Koha item type
      Bibliography RRII Library RRII Library 09/04/2014 Bibliography STAF